Mutual recognition of professional qualifications (Record no. 70461)

MARC details
000 -LEADER
fixed length control field 01510cam a2200205 4500
001 - CONTROL NUMBER
control field ABS65557
008 - FIXED-LENGTH DATA ELEMENTS--GENERAL INFORMATION
fixed length control field 020611n2002 000 0 eng u
035 ## - SYSTEM CONTROL NUMBER
System control number (Sirsi) u118372
100 ## - MAIN ENTRY--PERSONAL NAME
Personal name Plimmer, F.
245 ## - TITLE STATEMENT
Title Mutual recognition of professional qualifications
260 ## - PUBLICATION, DISTRIBUTION, ETC.
Date of publication, distribution, etc. 2002
490 ## - SERIES STATEMENT
Series statement Property Management
Volume/sequential designation 20(2) 2002, 114-136(23)
520 ## - SUMMARY, ETC.
Summary, etc. In the light of Europe's experience of its Directive on mutual recognition of professional qualifications and the World Trade Organisation's (WTO) intention to achieve a global marketplace for professional services by identifying 'disciplines' which can be applied to all professions, this paper considers a potential methodology for achieving a global system for the free movement of professionals. Explains the process of mutual recognition as implemented within the EU and discusses the WTO's likely approach towards the globalisation of services. The problems which face the surveying profession( including the problem of identifying the various surveying professions which exist in different countries), the role of professional organisations, the nature of 'professional competence' and the threshold standards applied to professional competence as a vital component of any mutual recognition are also discussed. [Taken from journal abstract].
590 ## - LOCAL NOTE (RLIN)
Local note ABS
650 ## - SUBJECT ADDED ENTRY--TOPICAL TERM
Topical term or geographic name entry element PROFESSIONAL QUALIFICATIONS
650 ## - SUBJECT ADDED ENTRY--TOPICAL TERM
Topical term or geographic name entry element SURVEYORS
650 ## - SUBJECT ADDED ENTRY--TOPICAL TERM
Topical term or geographic name entry element GLOBALISATION
690 ## - LOCAL SUBJECT ADDED ENTRY--TOPICAL TERM (OCLC, RLIN)
Topical term or geographic name as entry element MANAGEMENT-BUSINESS MANAGEMENT-PROFESSIONAL PRACTICE
942 ## - ADDED ENTRY ELEMENTS (KOHA)
Suppress in OPAC 0
Holdings
Withdrawn status Lost status Source of classification or shelving scheme Damaged status Not for loan Home library Current library Shelving location Date acquired Total Checkouts Full call number Barcode Date last seen Copy number Price effective from Koha item type
    Dewey Decimal Classification     London London Journal article 11/06/2002   ABS65557 118372-1001 06/08/2019 1 06/08/2019 Journal article